Innovation, Growth and Competitiveness Dynamic Regions in the Knowledge-Based World Economy /

This book investigates dynamic regions in the context of greater global interaction in a world economy increasingly driven by knowledge and innovation. It offers novel empirical evidence on the underlying factors of the growth performance of these spaces. In particular, the following questions are a...

Full description

Bibliographic Details
Corporate Author: SpringerLink (Online service)
Other Authors: Nijkamp, Peter (Editor), Siedschlag, Iulia (Editor)
Format: Electronic eBook
Language:English
Published: Berlin, Heidelberg : Springer Berlin Heidelberg : Imprint: Springer, 2011.
Series:Advances in Spatial Science, The Regional Science Series,
Subjects:
Online Access:Full Text via HEAL-Link
LEADER 02962nam a22004935i 4500
001 978-3-642-14965-8
003 DE-He213
005 20151204154155.0
007 cr nn 008mamaa
008 101202s2011 gw | s |||| 0|eng d
020 |a 9783642149658  |9 978-3-642-14965-8 
024 7 |a 10.1007/978-3-642-14965-8  |2 doi 
040 |d GrThAP 
050 4 |a HF1351-1647 
072 7 |a KCL  |2 bicssc 
072 7 |a BUS069020  |2 bisacsh 
082 0 4 |a 337  |2 23 
245 1 0 |a Innovation, Growth and Competitiveness  |h [electronic resource] :  |b Dynamic Regions in the Knowledge-Based World Economy /  |c edited by Peter Nijkamp, Iulia Siedschlag. 
264 1 |a Berlin, Heidelberg :  |b Springer Berlin Heidelberg :  |b Imprint: Springer,  |c 2011. 
300 |a XII, 380 p.  |b online resource. 
336 |a text  |b txt  |2 rdacontent 
337 |a computer  |b c  |2 rdamedia 
338 |a online resource  |b cr  |2 rdacarrier 
347 |a text file  |b PDF  |2 rda 
490 1 |a Advances in Spatial Science, The Regional Science Series,  |x 1430-9602 
505 0 |a Introduction -- PartI: Economic Growth in a Knowledge - Based Economy -- Part II: Globalisation, Competitiveness and Growth -- Part III: The Role of Public Policies in Fostering Innovation, Competitiveness and Growth. 
520 |a This book investigates dynamic regions in the context of greater global interaction in a world economy increasingly driven by knowledge and innovation. It offers novel empirical evidence on the underlying factors of the growth performance of these spaces. In particular, the following questions are addressed: What role is there for research, education and innovation in the development strategies of the dynamic growth regions? What are the risks and consequences of dynamic growth on patterns of world growth and development, competitiveness, inequalities, and convergence? What development strategies should be promoted at national and international levels to promote a growing and more sustainable world economy? What are the implications of the emerging new competitors for Europe’s competitiveness? Using an innovative, integrated framework of analysis, the contributions in this book combine a wide array of complex theoretical and methodological approaches. 
650 0 |a International economics. 
650 0 |a Economic policy. 
650 0 |a Regional economics. 
650 0 |a Spatial economics. 
650 1 4 |a Economics. 
650 2 4 |a International Economics. 
650 2 4 |a Regional/Spatial Science. 
650 2 4 |a R & D/Technology Policy. 
700 1 |a Nijkamp, Peter.  |e editor. 
700 1 |a Siedschlag, Iulia.  |e editor. 
710 2 |a SpringerLink (Online service) 
773 0 |t Springer eBooks 
776 0 8 |i Printed edition:  |z 9783642149641 
830 0 |a Advances in Spatial Science, The Regional Science Series,  |x 1430-9602 
856 4 0 |u http://dx.doi.org/10.1007/978-3-642-14965-8  |z Full Text via HEAL-Link 
912 |a ZDB-2-SBE 
950 |a Business and Economics (Springer-11643)